A Comparative study on the effects of rock and rap music on the speech of 4th year high school students of Southville International School & Colleges and University of Perpetual Help Rizal / (Record no. 96944)
[ view plain ]
| 000 -LEADER | |
|---|---|
| fixed length control field | 00877nam a2200205 a 4500 |
| 003 - CONTROL NUMBER IDENTIFIER | |
| control field | 0 |
| 005 - DATE AND TIME OF LATEST TRANSACTION | |
| control field | 20250519101352.0 |
| 008 - FIXED-LENGTH DATA ELEMENTS--GENERAL INFORMATION | |
| fixed length control field | 080526s19uu xx 00 eng d |
| 050 ## - LIBRARY OF CONGRESS CALL NUMBER | |
| Classification number | PHS LC 268 |
| Item number | .T36 2003 |
| 100 ## - MAIN ENTRY--PERSONAL NAME | |
| Personal name | Tamayo, Jonathan Scott S. |
| 245 ## - TITLE STATEMENT | |
| Title | A Comparative study on the effects of rock and rap music on the speech of 4th year high school students of Southville International School & Colleges and University of Perpetual Help Rizal / |
| Statement of responsibility, etc | Jonathan Scott S. Tamayo. |
| 260 ## - PUBLICATION, DISTRIBUTION, ETC. (IMPRINT) | |
| Place of publication, distribution, etc | Las Piñas City, Philippines : |
| Name of publisher, distributor, etc | Southville International School and Colleges, |
| Date of publication, distribution, etc | 2003. |
| 300 ## - PHYSICAL DESCRIPTION | |
| Extent | unnumbered pages : |
| Other physical details | illustrations ; |
| Dimensions | 28 cm. |
| 504 ## - BIBLIOGRAPHY, ETC. NOTE | |
| Bibliography, etc | Includes bibliographical references. |
| 650 ## - SUBJECT ADDED ENTRY--TOPICAL TERM | |
| Topical term or geographic name as entry element | Music |
| General subdivision | Psychological aspects. |
| 650 ## - SUBJECT ADDED ENTRY--TOPICAL TERM | |
| Topical term or geographic name as entry element | Rock music |
| General subdivision | Influence. |
| 650 ## - SUBJECT ADDED ENTRY--TOPICAL TERM | |
| Topical term or geographic name as entry element | Rap (Music) |
| General subdivision | Influence. |
| Geographic subdivision | . |
| 650 ## - SUBJECT ADDED ENTRY--TOPICAL TERM | |
| Topical term or geographic name as entry element | Speech |
| General subdivision | Effect of music on. |
| 942 ## - ADDED ENTRY ELEMENTS (KOHA) | |
| Source of classification or shelving scheme | Library of Congress Classification |
| Koha item type | PASS |
| Withdrawn status | Lost status | Source of classification or shelving scheme | Damaged status | Home library | Current library | Shelving location | Date acquired | Source of acquisition | Total Checkouts | Full call number | Barcode | Date last seen | Price effective from | Koha item type |
|---|---|---|---|---|---|---|---|---|---|---|---|---|---|---|
| Library of Congress Classification | Luxembourg Library | Luxembourg Library | Portfolio Assessment of SISC Students Section | 05/26/2008 | Donation | PHS LC 268 .T36 2003 | P0952 | 01/19/2018 | 04/08/2014 | PASS |